[Event "Politiken Cup 33rd"]
[Site "Helsingor"]
[Date "2011.08.01"]
[Round "4"]
[White "Svane, Troels"]
[Black "Brastein, Ragnar"]
[Result "0-1"]
[WhiteElo "1500"]
[BlackElo "1000"]
[PlyCount "68"]
[EventDate "2011.07.30"]
[EventType "swiss"]
[EventRounds "10"]
[EventCountry "DEN"]
[SourceTitle "CBM 143 Extra"]
[Source "ChessBase"]
[SourceDate "2011.08.29"]
[SourceVersion "1"]
[SourceVersionDate "2011.08.29"]
[SourceQuality "1"]

1. Nf3 d5 2. g3 Nf6 3. Bg2 Bf5 4. 0-0 e6 5. Nd4 Bg6 6. d3 c5 7. Nf3 Bd6 8. Nc3 0-0 9. Nb5 Nc6 10. Nxd6 Qxd6 11. b3 h6 12. Ba3 b6 13. Bb2 Qe7 14. Ne5 Nxe5 15. Bxe5 Rac8 16. Rc1 Rfd8 17. Qe1 b5 18. Bxf6 Qxf6 19. Qa5 b4 20. Qxa7 Qc3 21. Rfe1 Ra8 22. Qc7 Rdc8 23. Qb7 Qb2 24. e4 d4 25. e5 Qxa2 26. Qd7 Rab8 27. Ra1 Qxc2 28. Ra7 Rf8 29. Rea1 Qxd3 30. Ra8 Be4 31. R8a7 Bxg2 32. Kxg2 Qxb3 33. Rc7 Qd5+ 34. Kg1 Qxd7 0-1